Využitie indexnej analýzy pri hodnotení produktivity práce na Slovensku bakalárska práca

Uložené v:
Podrobná bibliografia
Hlavný autor: Křížková, Martina
Korporativný autor: Fakulta hospodárskej informatiky EU. Katedra štatistiky
Ďalší autori: Bolgáč, Ján, 1959-
Médium: Kniha
Jazyk:Slovak
Vydavateľské údaje: Bratislava 2011
Tagy: Pridať tag
Žiadne tagy, Buďte prvý, kto otaguje tento záznam!

MARC

LEADER 00000nbm a2200000 4500
001 0140976
005 20161109111725.5
041 0 |a slo 
044 |a SK 
245 1 0 |a Využitie indexnej analýzy pri hodnotení produktivity práce na Slovensku  |b bakalárska práca  |c Martina Křížková ; školiteľ: Ján Bolgáč 
264 1 |a Bratislava  |c 2011 
300 |a 34 s. 
100 1 |a Křížková, Martina 
700 1 |a Bolgáč, Ján, 1959- 
710 2 |a Fakulta hospodárskej informatiky EU. Katedra štatistiky